[Event "27th Bosna it"]
[Site "Sarajevo YUG"]
[Date "1988.03.28"]
[Round "7"]
[White "Kovacevic, Vlatko"]
[Black "Mestrovic, Zvonimir"]
[Result "1-0"]
[WhiteElo "2515"]
[BlackElo "2430"]
[EventDate "1988.03.21"]
[PlyCount "117"]
[Source "Perpetual Check"]

1.d4 Nc6 2.Nf3 d6 3.c4 e5 4.Nc3 Bg4 5.d5 Nce7 6.e4 Ng6 7.Be2 Nf6 8.O-O Be7
9.Ne1 Bd7 10.Nd3 O-O 11.Be3 Ne8 12.Bg4 Bxg4 13.Qxg4 h6 14.g3 Nf6 15.Qh3 c5
16.Kh1 Qd7 17.Qxd7 Nxd7 18.h4 a6 19.a4 Bd8 20.a5 Ne7 21.Kg2 f5 22.f3 fxe4 
23.Nxe4 Nf5 24.Bf2 Nf6 25.Rfe1 Rc8 26.b3 Rc7 27.Nxd6 Nxd6 28.Bxc5 Nfe8 29.
Bb6 Rc8 30.Nxe5 Bxb6 31.axb6 Nf5 32.b4 Nf6 33.Rad1 Rfd8 34.Kh3 Nd7 35.g4 
Ne7 36.c5 Nxe5 37.Rxe5 Kf8 38.h5 a5 39.d6 Nc6 40.Rf5+ Kg8 41.b5 Nb8 42.c6 
Nxc6 43.d7 Rb8 44.bxc6 bxc6 45.Rxa5 Rxb6 46.Re5 Rbb8 47.Re6 Kf7 48.Rxc6 
Rb7 49.Rcd6 Ke7 50.Kg3 Ra7 51.R1d5 Rb7 52.Kh4 Ra7 53.g5 Ra4+ 54.Rd4 hxg5+ 
55.Kxg5 Ra3 56.Rd3 Ra1 57.Kg6 Rg1+ 58.Kh7 Rg5 59.R6d5 1-0

[Event "27th Bosna it"]
[Site "Sarajevo YUG"]
[Date "1988.03.28"]
[Round "7"]
[White "Lalic, Bogdan"]
[Black "Arapovic, Vitomir"]
[Result "1-0"]
[WhiteElo "2495"]
[BlackElo "2395"]
[EventDate "1988.03.21"]
[PlyCount "107"]
[Source "Perpetual Check"]

1.d4 g6 2.c4 Bg7 3.Nc3 d6 4.e4 Nd7 5.Nf3 e5 6.Bg5 f6 7.Be3 Nh6 8.h3 Nf7 9.
Bd3 c6 10.O-O O-O 11.Re1 Re8 12.Qc2 Ng5 13.Nxg5 fxg5 14.d5 c5 15.a3 h6 16.
b4 b6 17.Qd2 Rf8 18.Reb1 Nf6 19.Bf1 Nh5 20.a4 a5 21.bxc5 bxc5 22.Ra3 Nf4 
23.Ne2 h5 24.Rab3 Bd7 25.Qa2 g4 26.hxg4 Bxg4 27.Rb6 Bh6 28.Qd2 Ra7 29.Rb7 
Rxb7 30.Rxb7 Qg5 31.Bxf4 exf4 32.Qxa5 Rc8 33.Qd2 Ra8 34.a5 f3 35.Qxg5 Bxg5
36.gxf3 Bxf3 37.e5 dxe5 38.Rb6 Bd8 39.Rxg6+ Kf7 40.Re6 Bc7 41.Ng3 h4 42.
Nf5 Bxa5 43.Bg2 Bxg2 44.Kxg2 Bc3 45.Nxh4 Ra2 46.Nf3 Re2 47.Ng5+ Kg7 48.d6 
Ba5 49.Kf3 Rd2 50.Ne4 Rd3+ 51.Kg4 Rd4 52.Kf5 Rxc4 53.Re7+ Kh6 54.f4 1-0

[Event "27th Bosna it"]
[Site "Sarajevo YUG"]
[Date "1988.03.28"]
[Round "7"]
[White "Gunawan, Ronny"]
[Black "Dizdarevic, Emir"]
[Result "0-1"]
[WhiteElo "2440"]
[BlackElo "2485"]
[EventDate "1988.03.21"]
[PlyCount "102"]
[Source "Perpetual Check"]

1.d4 Nf6 2.c4 e6 3.Nf3 b6 4.g3 Ba6 5.Qa4 Bb7 6.Bg2 c5 7.O-O cxd4 8.Nxd4 
Bxg2 9.Kxg2 Qc7 10.f3 a6 11.Nc3 Be7 12.Rd1 Qb7 13.Bf4 O-O 14.Qb3 Nc6 15.
Na4 b5 16.cxb5 Nxd4 17.Rxd4 Qxb5 18.Qxb5 axb5 19.Nb6 Ra7 20.Rc1 Rxa2 21.
Nc8 Bd8 22.Rb4 Nd5 23.Rxb5 Nxf4+ 24.gxf4 Bf6 25.Rc2 d5 26.f5 h6 27.fxe6 
fxe6 28.Rb6 Re8 29.Nd6 Re7 30.Nc8 Re8 31.Nd6 Re7 32.Nb7 Bd4 33.Rb5 Be3 34.
Rb3 d4 35.Nd6 Ra1 36.Ne4 Rg1+ 37.Kh3 Rf7 38.Rc6 e5 39.Nd6 Rf6 40.Rc8+ Kh7 
41.Ne4 Rf4 42.Rbb8 d3 43.exd3 Rxf3+ 44.Ng3 Bg5 45.Rc4 Bf4 46.Kg4 Rxd3 47.
Rcc8 Bxg3 48.Rh8+ Kg6 49.Rb6+ Kf7 50.Rb7+ Ke6 51.Re8+ Kf6 0-1

[Event "27th Bosna it"]
[Site "Sarajevo YUG"]
[Date "1988.03.29"]
[Round "8"]
[White "Dizdar, Goran"]
[Black "Dizdarevic, Emir"]
[Result "1-0"]
[WhiteElo "2490"]
[BlackElo "2485"]
[EventDate "1988.03.21"]
[PlyCount "43"]
[Source "Perpetual Check"]

1.d4 Nf6 2.Nf3 e6 3.e3 c5 4.Bd3 cxd4 5.exd4 Be7 6.c4 O-O 7.O-O d5 8.cxd5 
Nxd5 9.Nc3 Nc6 10.Re1 Nf6 11.a3 b6 12.Bc2 Bb7 13.Qd3 Re8 14.d5 exd5 15.Bg5
Ne4 16.Nxe4 dxe4 17.Qxe4 g6 18.Qh4 Qc7 19.Bb3 Bd6 20.Bf6 h5 21.Qg5 Kh7 22.
Bc2 1-0

[Event "27th Bosna it"]
[Site "Sarajevo YUG"]
[Date "1988.03.29"]
[Round "8"]
[White "Arapovic, Vitomir"]
[Black "Gunawan, Ronny"]
[Result "0-1"]
[WhiteElo "2395"]
[BlackElo "2440"]
[EventDate "1988.03.21"]
[PlyCount "90"]
[Source "Perpetual Check"]

1.e4 e6 2.d4 d5 3.Nc3 Bb4 4.e5 c5 5.Bd2 Ne7 6.Nb5 Bxd2+ 7.Qxd2 O-O 8.c3 
Nbc6 9.f4 cxd4 10.cxd4 f6 11.Nf3 fxe5 12.fxe5 Bd7 13.Nd6 Qb6 14.Be2 Nf5 
15.Nxf5 Rxf5 16.O-O-O Raf8 17.Kb1 Rf4 18.Qc3 Be8 19.Rd2 Rg4 20.Bd3 Nb4 21.
Ka1 Nxd3 22.Qxd3 Bg6 23.Qe3 Be4 24.Rf1 Qb5 25.Rc1 h6 26.h3 Rgf4 27.Nh2 a5 
28.b3 a4 29.bxa4 Qxa4 30.g3 R4f7 31.h4 b5 32.Rb2 Ra8 33.Qd2 Rfa7 34.Rc3 
Kh7 35.Ng4 Rf7 36.Rc1 Rf3 37.Nf2 Raf8 38.Nxe4 dxe4 39.Rb4 Qa3 40.Qb2 Qa7 
41.Qe2 e3 42.Qxb5 Qa3 43.Rb2 Rf2 44.Qb3 Qxb3 45.Rxb3 Rf1 0-1

[Event "27th Bosna it"]
[Site "Sarajevo YUG"]
[Date "1988.03.29"]
[Round "8"]
[White "Mestrovic, Zvonimir"]
[Black "Lalic, Bogdan"]
[Result "0-1"]
[WhiteElo "2430"]
[BlackElo "2495"]
[EventDate "1988.03.21"]
[PlyCount "138"]
[Source "Perpetual Check"]

1.Nc3 d5 2.Nf3 Nf6 3.d3 Bg4 4.g3 d4 5.Ne4 Nxe4 6.dxe4 Bxf3 7.exf3 e5 8.Bc4
Nd7 9.f4 Bc5 10.Bd2 Qf6 11.Qe2 O-O-O 12.O-O-O Rhe8 13.Rhe1 exf4 14.gxf4 g6
15.Qd3 Kb8 16.e5 Qg7 17.Qb3 f6 18.Bf7 Re7 19.e6 Bd6 20.c3 dxc3 21.Bxc3 
Bxf4+ 22.Kb1 Bd6 23.f4 Nb6 24.a4 Nc8 25.Qc4 Rf8 26.Qd4 Rexf7 27.exf7 Qxf7 
28.Re2 a6 29.Rde1 g5 30.f5 Ne7 31.Qd3 Nd5 32.Qc4 Nxc3+ 33.Qxc3 Be5 34.Qc2 
h5 35.Rd1 g4 36.a5 h4 37.Qa4 g3 38.hxg3 hxg3 39.Rd7 Qh5 40.Qe4 Rg8 41.Red2
Qe8 42.Qd5 Bd6 43.Rh7 Rg4 44.Qh1 Qe4+ 45.Qxe4 Rxe4 46.Rh6 Bf4 47.Rd8+ Ka7 
48.Rhh8 b6 49.axb6+ Kxb6 50.Rd1 Be5 51.Rd2 Rg4 52.Rh1 Rf4 53.Rh5 a5 54.Kc2
a4 55.Re2 Rb4 56.Rxe5 fxe5 57.Rg5 Rf4 58.Kd3 c5 59.Rxg3 Rxf5 60.Ke4 Rf2 
61.Rg8 Kb5 62.Rb8+ Kc4 63.Kxe5 Rd2 64.Ke4 Re2+ 65.Kf3 Re7 66.Rb6 Kd3 67.
Kf4 Kc2 68.Rb5 c4 69.Rb4 c3 0-1

[Event "27th Bosna it"]
[Site "Sarajevo YUG"]
[Date "1988.03.29"]
[Round "8"]
[White "Popchev, Milko"]
[Black "Cvitan, Ognjen"]
[Result "1/2-1/2"]
[WhiteElo "2470"]
[BlackElo "2520"]
[EventDate "1988.03.21"]
[PlyCount "30"]
[Source "Perpetual Check"]

1.e4 c5 2.c4 Nc6 3.Nc3 g6 4.g3 Bg7 5.Bg2 e6 6.Nge2 Nge7 7.O-O O-O 8.d3 d6 
9.a3 a6 10.Rb1 Rb8 11.b4 cxb4 12.axb4 b5 13.cxb5 axb5 14.Be3 d5 15.exd5 
exd5 1/2-1/2

[Event "27th Bosna it"]
[Site "Sarajevo YUG"]
[Date "1988.03.29"]
[Round "8"]
[White "Kozul, Zdenko"]
[Black "Dorfman, Iosif"]
[Result "0-1"]
[WhiteElo "2470"]
[BlackElo "2520"]
[EventDate "1988.03.21"]
[PlyCount "114"]
[Source "Perpetual Check"]

1.d4 Nf6 2.Nf3 g6 3.c4 Bg7 4.Nc3 d5 5.Qb3 dxc4 6.Qxc4 O-O 7.e4 Na6 8.Qb3 
c5 9.d5 e6 10.Bxa6 bxa6 11.O-O exd5 12.exd5 Qb6 13.Bf4 Bb7 14.Rfd1 Rfe8 
15.Nd2 Rad8 16.Qxb6 axb6 17.Bc7 Rxd5 18.Nxd5 Nxd5 19.Bg3 Bxb2 20.Rab1 Bd4 
21.Re1 Rd8 22.Nc4 b5 23.Na5 Ba8 24.Nb3 Nc3 25.Rb2 Bd5 26.Nxd4 cxd4 27.Rd2 
Bxa2 28.Rxd4 Rc8 29.f3 a5 30.Bh4 a4 31.Rd8+ Rxd8 32.Bxd8 Nd5 33.Bg5 f6 34.
Bc1 Kf7 35.Kf2 Bc4 36.Re4 g5 37.g3 Nb4 38.Ke3 f5 39.Re5 Nd3 40.Rxf5+ Kg6 
41.Rd5 Nxc1 42.Rd6+ Kf7 43.Rd7+ Ke6 44.Rxh7 a3 45.Ra7 b4 46.Kd2 Nb3+ 47.
Ke3 Nc5 48.Kd4 b3 49.Rxa3 b2 50.Kxc5 b1=Q 51.Kxc4 Qc2+ 52.Kd4 Qb2+ 53.Rc3 
Qd2+ 54.Rd3 Qxh2 55.Re3+ Kf5 56.Re5+ Kf6 57.Re4 Qxg3 0-1

[Event "27th Bosna it"]
[Site "Sarajevo YUG"]
[Date "1988.03.29"]
[Round "8"]
[White "Ninov, Kiril"]
[Black "Hulak, Krunoslav"]
[Result "1/2-1/2"]
[WhiteElo "2495"]
[BlackElo "2475"]
[EventDate "1988.03.21"]
[PlyCount "39"]
[Source "Perpetual Check"]

1.Nf3 Nf6 2.g3 d5 3.Bg2 c6 4.c4 Bf5 5.cxd5 cxd5 6.Qb3 Qb6 7.Qxb6 axb6 8.
Nc3 Nc6 9.d3 e6 10.Nb5 Ra5 11.Nbd4 Bg6 12.Bd2 Ra4 13.Nb5 Bb4 14.b3 Bxd2+ 
15.Kxd2 Ra5 16.a4 Kd7 17.Rhc1 Rc8 18.Rc2 Ne8 19.Rac1 f6 20.Nfd4 1/2-1/2

[Event "27th Bosna it"]
[Site "Sarajevo YUG"]
[Date "1988.03.30"]
[Round "9"]
[White "Hulak, Krunoslav"]
[Black "Dizdar, Goran"]
[Result "1/2-1/2"]
[WhiteElo "2475"]
[BlackElo "2490"]
[EventDate "1988.03.21"]
[PlyCount "25"]
[Source "Perpetual Check"]

1.g3 g6 2.Bg2 Bg7 3.c4 c5 4.Nc3 Nc6 5.Nf3 Nf6 6.O-O O-O 7.a3 Rb8 8.Rb1 a6 
9.b4 cxb4 10.axb4 b5 11.cxb5 axb5 12.d4 d5 13.Bf4 1/2-1/2

[Event "27th Bosna it"]
[Site "Sarajevo YUG"]
[Date "1988.03.30"]
[Round "9"]
[White "Marjanovic, Slavoljub"]
[Black "Ninov, Kiril"]
[Result "1/2-1/2"]
[WhiteElo "2480"]
[BlackElo "2495"]
[EventDate "1988.03.21"]
[PlyCount "29"]
[Source "Perpetual Check"]

1.e4 c5 2.Nf3 e6 3.c3 d5 4.exd5 exd5 5.d4 Nc6 6.Be2 Bd6 7.dxc5 Bxc5 8.O-O 
Nge7 9.Nbd2 O-O 10.Nb3 Bb6 11.Bg5 Bg4 12.Re1 Re8 13.Nfd4 Bxe2 14.Rxe2 Qd7 
15.Bxe7 1/2-1/2

[Event "27th Bosna it"]
[Site "Sarajevo YUG"]
[Date "1988.03.30"]
[Round "9"]
[White "Dorfman, Iosif"]
[Black "Klinger, Josef"]
[Result "1-0"]
[WhiteElo "2520"]
[BlackElo "2505"]
[EventDate "1988.03.21"]
[PlyCount "147"]
[Source "Perpetual Check"]

1.Nf3 Nf6 2.g3 b6 3.Bg2 Bb7 4.O-O e6 5.c4 Be7 6.b3 O-O 7.Bb2 c5 8.e3 d5 9.
Nc3 Nc6 10.cxd5 Nxd5 11.Nxd5 Qxd5 12.d4 Rad8 13.Ne5 Qd6 14.Nxc6 Bxc6 15.
Qg4 cxd4 16.Bxd4 g6 17.Bxc6 Qxc6 18.Rac1 Qd6 19.Qe4 f5 20.Qc2 Qd7 21.Ba1 
Rc8 22.Qe2 Rxc1 23.Rxc1 Rc8 24.Rd1 Qc7 25.Qb2 e5 26.Qxe5 Qxe5 27.Bxe5 Rd8 
28.Bd4 Rc8 29.a4 Kf7 30.Kg2 Ke6 31.Kf3 g5 32.e4 g4+ 33.Ke3 Bg5+ 34.f4 
gxf3+ 35.Kxf3 Rd8 36.h4 Bf6 37.Ke3 fxe4 38.Kxe4 h5 39.Rd3 Be7 40.Rf3 Rg8 
41.Bf2 Bd6 42.Rd3 a6 43.Kf3 b5 44.axb5 axb5 45.Be1 Rg4 46.Re3+ Be5 47.Kg2 
Kf6 48.Rf3+ Kg6 49.Bd2 Re4 50.Bf4 Bf6 51.Kh3 Re1 52.Rd3 Rh1+ 53.Kg2 Rb1 
54.Kf3 b4 55.Ke4 Bc3 56.Rd6+ Kg7 57.Rd5 Kg6 58.Rg5+ Kh6 59.Kf5 Rxb3 60.
Rxh5+ Kg7 61.Be5+ Bxe5 62.Rg5+ Kh6 63.Kxe5 Rb1 64.Kd4 Rc1 65.Ke3 Rc3+ 66.
Kf4 Rc4+ 67.Kf3 Rc3+ 68.Kg4 Rc4+ 69.Kh3 b3 70.Rb5 Rc3 71.Kg4 Kg6 72.Rb6+ 
Kg7 73.h5 Rc4+ 74.Kg5 1-0

[Event "27th Bosna it"]
[Site "Sarajevo YUG"]
[Date "1988.03.30"]
[Round "9"]
[White "Cvitan, Ognjen"]
[Black "Kozul, Zdenko"]
[Result "1/2-1/2"]
[WhiteElo "2520"]
[BlackElo "2470"]
[EventDate "1988.03.21"]
[PlyCount "24"]
[Source "Perpetual Check"]

1.d4 Nf6 2.c4 g6 3.Nf3 Bg7 4.g3 O-O 5.Bg2 d6 6.O-O Nbd7 7.Nc3 e5 8.e4 c6 
9.h3 exd4 10.Nxd4 Re8 11.Be3 Nc5 12.Qc2 a5 1/2-1/2

[Event "27th Bosna it"]
[Site "Sarajevo YUG"]
[Date "1988.03.30"]
[Round "9"]
[White "Kovacevic, Vlatko"]
[Black "Popchev, Milko"]
[Result "1/2-1/2"]
[WhiteElo "2515"]
[BlackElo "2470"]
[EventDate "1988.03.21"]
[PlyCount "126"]
[Source "Perpetual Check"]

1.d4 d6 2.c4 e5 3.Nc3 exd4 4.Qxd4 Nc6 5.Qd2 g6 6.b3 Bg7 7.Bb2 Nf6 8.g3 O-O
9.Bg2 Re8 10.Nh3 Bf5 11.O-O Ne4 12.Nxe4 Bxe4 13.Bxg7 Bxg2 14.Kxg2 Kxg7 15.
Nf4 Qe7 16.Rad1 Qe5 17.Nd5 Rac8 18.Rfe1 Ne7 19.Nc3 g5 20.e4 Ng6 21.Qe3 c6 
22.Rd3 b6 23.h3 Rcd8 24.Red1 Qf6 25.Ne2 Kh8 26.R3d2 Re5 27.Qf3 Qxf3+ 28.
Kxf3 f5 29.Rxd6 Rde8 30.Nd4 fxe4+ 31.Ke2 c5 32.Nc6 Rf5 33.Rd8 Ref8 34.
Rxf8+ Nxf8 35.Nxa7 Ne6 36.Nb5 Kg7 37.Rd6 Rf6 38.Ke3 Kf7 39.Rxb6 Rf3+ 40.
Kxe4 Rxf2 41.a4 Re2+ 42.Kf5 Rf2+ 43.Kg4 Rf6 44.h4 h5+ 45.Kh3 Nf4+ 46.gxf4 
g4+ 47.Kg3 Rxb6 48.f5 Kf6 49.Kf4 Rb8 50.a5 Rg8 51.Nd6 Ra8 52.Ne4+ Kf7 53.
Kg5 Rg8+ 54.Kf4 Ra8 55.Nxc5 Rxa5 56.Ne4 Ra3 57.Ng3 Rxb3 58.Nxh5 Rb4 59.
Kxg4 Rxc4+ 60.Kg5 Rc1 61.Nf6 Rg1+ 62.Ng4 Kg8 63.h5 Kg7 1/2-1/2

[Event "27th Bosna it"]
[Site "Sarajevo YUG"]
[Date "1988.03.30"]
[Round "9"]
[White "Dizdarevic, Emir"]
[Black "Arapovic, Vitomir"]
[Result "1-0"]
[WhiteElo "2485"]
[BlackElo "2395"]
[EventDate "1988.03.21"]
[PlyCount "69"]
[Source "Perpetual Check"]

1.d4 d5 2.c4 dxc4 3.Nf3 Nf6 4.e3 e6 5.Bxc4 a6 6.O-O c5 7.Qe2 Be7 8.Rd1 
cxd4 9.Nxd4 Qc7 10.e4 b5 11.Bb3 e5 12.Nf5 Bxf5 13.exf5 Nc6 14.Be3 O-O 15.
Nc3 Rad8 16.Qf3 e4 17.Nxe4 Ne5 18.Nxf6+ Bxf6 19.Qf4 Rxd1+ 20.Rxd1 Rd8 21.
Qe4 Rxd1+ 22.Bxd1 Qc6 23.Qxc6 Nxc6 24.b3 Nb4 25.a4 bxa4 26.bxa4 Nd5 27.Bd2
Nc3 28.Bb3 a5 29.Kf1 h5 30.h4 Kf8 31.g3 Bd4 32.Kg2 Ke7 33.Kf3 Kf6 34.Bg5+ 
Kxf5 35.Bd8 1-0

[Event "27th Bosna it"]
[Site "Sarajevo YUG"]
[Date "1988.03.31"]
[Round "10"]
[White "Dizdar, Goran"]
[Black "Arapovic, Vitomir"]
[Result "1-0"]
[WhiteElo "2490"]
[BlackElo "2395"]
[EventDate "1988.03.21"]
[PlyCount "86"]
[Source "Perpetual Check"]

1.d4 g6 2.e4 Bg7 3.Nf3 d6 4.Bc4 Nf6 5.Qe2 c6 6.Bb3 O-O 7.O-O Bg4 8.Nbd2 e5
9.dxe5 dxe5 10.h3 Bxf3 11.Nxf3 Nbd7 12.c3 Qe7 13.a4 Nc5 14.Bc2 a5 15.Qc4 
Nfd7 16.Rd1 Rfd8 17.Be3 Ne6 18.Rd2 Ndc5 19.Rad1 Rxd2 20.Rxd2 h6 21.h4 Kh7 
22.g3 Bf6 23.Qf1 Kg7 24.Qd1 Qc7 25.b4 axb4 26.cxb4 Na6 27.Rd7 Rd8 28.Bxh6+
Kxh6 29.Qc1+ Kg7 30.Rxc7 Naxc7 31.Bb3 Nd4 32.Nxd4 exd4 33.Qc5 Rd7 34.Qb6 
Ne8 35.b5 d3 36.bxc6 bxc6 37.Qxc6 Rd8 38.Qc4 Rd7 39.Qc6 Rd8 40.Qc4 Rd7 41.
Qb5 Rd8 42.e5 Be7 43.Qc4 Ba3 1-0

[Event "27th Bosna it"]
[Site "Sarajevo YUG"]
[Date "1988.03.31"]
[Round "10"]
[White "Mestrovic, Zvonimir"]
[Black "Dizdarevic, Emir"]
[Result "0-1"]
[WhiteElo "2430"]
[BlackElo "2485"]
[EventDate "1988.03.21"]
[PlyCount "158"]
[Source "Perpetual Check"]

1.Nc3 c5 2.Nf3 Nc6 3.g3 g6 4.Bg2 Bg7 5.O-O Nf6 6.a3 O-O 7.Rb1 d5 8.d3 Nd4 
9.e4 dxe4 10.Nxe4 Nxe4 11.dxe4 Be6 12.Be3 Ba2 13.Ra1 Bc4 14.Re1 Ne2+ 15.
Kh1 Bxb2 16.Bf1 Bxa1 17.Qxa1 Nd4 18.Bxc4 Nxf3 19.Rd1 Qc7 20.Bh6 Qe5 21.
Bxf8 Qxa1 22.Rxa1 Kxf8 23.Rd1 e6 24.Kg2 Ne5 25.Be2 Ke7 26.Rb1 b6 27.f4 Nc6
28.c3 Rd8 29.Rb2 f6 30.Kf2 Na5 31.Ke3 h6 32.Rb1 Nb7 33.a4 Kd6 34.h4 Ke7 
35.Ba6 Na5 36.Bb5 c4 37.Ke2 Rd3 38.Rd1 Rxd1 39.Kxd1 Kd6 40.Ke2 e5 41.Ke3 
Ke7 42.Ba6 g5 43.fxg5 fxg5 44.hxg5 hxg5 45.Bb5 Kf7 46.Ba6 Kg6 47.Bb5 Kh5 
48.Kf3 Kg6 49.Ke3 Kf6 50.Ba6 Ke7 51.Bb5 Kd6 52.Kf3 Ke7 53.Ke3 Nb7 54.Bxc4 
Nc5 55.Bb5 a6 56.Bc6 g4 57.c4 Kd8 58.a5 bxa5 59.Kd2 Kc7 60.Bd5 Kd6 61.Kc3 
Nd7 62.Kb3 Nc5+ 63.Ka3 Kd7 64.Kb2 Nd3+ 65.Ka3 Nf2 66.Ka4 Nh1 67.c5 Nxg3 
68.c6+ Kc7 69.Be6 Nxe4 70.Bxg4 Kb6 71.Kb3 Nc5+ 72.Kc4 Kxc6 73.Bf3+ Kd6 74.
Bd1 Nd7 75.Be2 Nc5 76.Bd1 a4 77.Bc2 a3 78.Bb1 a5 79.Ba2 Na6 0-1

[Event "27th Bosna it"]
[Site "Sarajevo YUG"]
[Date "1988.03.31"]
[Round "10"]
[White "Popchev, Milko"]
[Black "Lalic, Bogdan"]
[Result "0-1"]
[WhiteElo "2470"]
[BlackElo "2495"]
[EventDate "1988.03.21"]
[PlyCount "60"]
[Source "Perpetual Check"]

1.Nf3 Nf6 2.c4 g6 3.Nc3 d5 4.d4 Bg7 5.Bf4 O-O 6.e3 c5 7.dxc5 Qa5 8.Rc1 
dxc4 9.Bxc4 Qxc5 10.Nb5 Be6 11.Nc7 Bxc4 12.Nd2 b5 13.b3 Nd5 14.Nxa8 Nc3 
15.Rxc3 Bxc3 16.bxc4 Qxc4 17.Qe2 Bxd2+ 18.Qxd2 Nc6 19.Qe2 Qb4+ 20.Qd2 Rxa8
21.Qxb4 Nxb4 22.Ke2 Nxa2 23.Ra1 Nb4 24.Rb1 a5 25.Bc7 Nd5 26.Be5 b4 27.e4 
f6 28.Bd4 Nf4+ 29.Kf3 e5 30.Be3 Ne6 0-1

[Event "27th Bosna it"]
[Site "Sarajevo YUG"]
[Date "1988.03.31"]
[Round "10"]
[White "Kozul, Zdenko"]
[Black "Kovacevic, Vlatko"]
[Result "1/2-1/2"]
[WhiteElo "2470"]
[BlackElo "2515"]
[EventDate "1988.03.21"]
[PlyCount "81"]
[Source "Perpetual Check"]

1.d4 f5 2.g3 Nf6 3.Bg2 g6 4.Nf3 Bg7 5.O-O O-O 6.Nbd2 c6 7.c3 a5 8.a4 Kh8 
9.Qb3 d5 10.Ne5 Nbd7 11.Ndf3 Nxe5 12.Nxe5 Nd7 13.Nxd7 Qxd7 14.Rd1 Qc7 15.
c4 Be6 16.cxd5 Bxd5 17.Bxd5 cxd5 18.Qxd5 Rfd8 19.Qb5 Rxd4 20.Rxd4 Bxd4 21.
Bf4 Qc6 22.Qb3 Qe4 23.Rd1 Bf6 24.Qb5 g5 25.Bc7 Qc2 26.Rd7 Ra6 27.h4 gxh4 
28.Rxe7 Qc1+ 29.Kg2 Qc6+ 30.Qxc6 Rxc6 31.Be5 Bxe5 32.Rxe5 hxg3 33.Kxg3 Rb6
34.Kf4 Kg7 35.Kxf5 Rf6+ 36.Kg4 Rxf2 37.Kg3 Rf6 38.Rxa5 Rb6 39.e4 Rxb2 40.
Kf4 Kg6 41.Rg5+ 1/2-1/2

[Event "27th Bosna it"]
[Site "Sarajevo YUG"]
[Date "1988.03.31"]
[Round "10"]
[White "Ninov, Kiril"]
[Black "Dorfman, Iosif"]
[Result "1/2-1/2"]
[WhiteElo "2495"]
[BlackElo "2520"]
[EventDate "1988.03.21"]
[PlyCount "24"]
[Source "Perpetual Check"]

1.Nf3 Nf6 2.c4 g6 3.g3 Bg7 4.Bg2 c6 5.d4 d5 6.cxd5 cxd5 7.Ne5 O-O 8.Nc3 e6
9.O-O Nfd7 10.Nf3 Nc6 11.Bf4 Nf6 12.Ne5 Bd7 1/2-1/2

[Event "27th Bosna it"]
[Site "Sarajevo YUG"]
[Date "1988.03.31"]
[Round "10"]
[White "Hulak, Krunoslav"]
[Black "Marjanovic, Slavoljub"]
[Result "1/2-1/2"]
[WhiteElo "2475"]
[BlackElo "2480"]
[EventDate "1988.03.21"]
[PlyCount "25"]
[Source "Perpetual Check"]

1.d4 d5 2.c4 e6 3.Nf3 c5 4.cxd5 exd5 5.g3 Nc6 6.Bg2 Nf6 7.O-O Be7 8.Nc3 
O-O 9.dxc5 Bxc5 10.Na4 Be7 11.Be3 Re8 12.Rc1 Bg4 13.Bc5 1/2-1/2

[Event "27th Bosna it"]
[Site "Sarajevo YUG"]
[Date "1988.04.02"]
[Round "11"]
[White "Marjanovic, Slavoljub"]
[Black "Dizdar, Goran"]
[Result "0-1"]
[WhiteElo "2480"]
[BlackElo "2490"]
[EventDate "1988.03.21"]
[PlyCount "60"]
[Source "Perpetual Check"]

1.e4 e6 2.d4 d5 3.Nd2 c5 4.exd5 exd5 5.Bb5+ Bd7 6.Qe2+ Be7 7.dxc5 Nf6 8.
Nb3 O-O 9.Be3 Re8 10.O-O-O a5 11.a4 Na6 12.c6 Bxc6 13.Nf3 Nc7 14.Bxc6 bxc6
15.Ne5 Bd6 16.Nd3 Ne6 17.Qf3 Qc7 18.Nd4 Ne4 19.Nf5 Rab8 20.Qg4 c5 21.Nxd6 
Qxd6 22.f3 Nf6 23.Qg3 Qc6 24.b3 c4 25.Ne5 Qd6 26.Ng4 Qa3+ 27.Kd2 Nxg4 28.
Qxg4 d4 29.Bh6 cxb3 30.Rhe1 bxc2 0-1

[Event "27th Bosna it"]
[Site "Sarajevo YUG"]
[Date "1988.04.02"]
[Round "11"]
[White "Cvitan, Ognjen"]
[Black "Ninov, Kiril"]
[Result "1/2-1/2"]
[WhiteElo "2520"]
[BlackElo "2495"]
[EventDate "1988.03.21"]
[PlyCount "20"]
[Source "Perpetual Check"]

1.d4 d5 2.c4 c6 3.Nc3 Nf6 4.e3 g6 5.Nf3 Bg7 6.Be2 O-O 7.O-O Be6 8.cxd5 
cxd5 9.Qb3 Qb6 10.Qxb6 axb6 1/2-1/2

[Event "27th Bosna it"]
[Site "Sarajevo YUG"]
[Date "1988.04.02"]
[Round "11"]
[White "Kovacevic, Vlatko"]
[Black "Klinger, Josef"]
[Result "1-0"]
[WhiteElo "2515"]
[BlackElo "2505"]
[EventDate "1988.03.21"]
[PlyCount "113"]
[Source "Perpetual Check"]

1.d4 e6 2.Nf3 c5 3.e3 Nf6 4.Bd3 b6 5.O-O Bb7 6.b3 Be7 7.Bb2 O-O 8.Nbd2 d6 
9.Re1 Nbd7 10.c4 Re8 11.Rc1 Bf8 12.Bb1 g6 13.a3 Bg7 14.b4 Rc8 15.Qb3 Qc7 
16.Qd3 Qb8 17.Ng5 h6 18.Nge4 Nxe4 19.Nxe4 d5 20.cxd5 exd5 21.Ng3 Nf8 22.
Qd2 c4 23.Qd1 Ne6 24.f4 Qd6 25.Nf1 Rc7 26.Nd2 a5 27.Bc3 Rce7 28.Nf3 Nc7 
29.Bd2 Nb5 30.a4 Na3 31.bxa5 Nxb1 32.Rxb1 c3 33.Rxb6 Qc7 34.Bc1 c2 35.Qd2 
Bc8 36.Rb5 Bf5 37.Rxd5 Qc4 38.Rc5 Qxa4 39.Ne5 Be4 40.Qc3 Bf8 41.Ng4 Bg7 
42.Nf2 Ba8 43.Rf1 Qd7 44.Qxc2 Qb7 45.d5 Rd7 46.Rd1 Bf8 47.Ng4 Re6 48.Rc8 
Rxd5 49.Rxd5 Qxd5 50.Ba3 Rc6 51.Rxc6 Qxc6 52.Qxc6 Bxc6 53.Bxf8 Kxf8 54.
Nxh6 f5 55.g4 Kg7 56.g5 Kf8 57.h4 1-0

[Event "27th Bosna it"]
[Site "Sarajevo YUG"]
[Date "1988.04.02"]
[Round "11"]
[White "Gunawan, Ronny"]
[Black "Popchev, Milko"]
[Result "0-1"]
[WhiteElo "2440"]
[BlackElo "2470"]
[EventDate "1988.03.21"]
[PlyCount "92"]
[Source "Perpetual Check"]

1.d4 Nf6 2.c4 e6 3.Nf3 d5 4.Nc3 dxc4 5.Qa4+ Nbd7 6.e4 Be7 7.Bxc4 O-O 8.Qc2
c5 9.dxc5 Nxc5 10.O-O a6 11.e5 Ne8 12.Ne4 Qc7 13.Be3 Nd7 14.Bg5 Nxe5 15.
Nxe5 f6 16.Nf3 b5 17.Bb3 Qxc2 18.Bxc2 fxg5 19.Nexg5 h6 20.Ne4 Bb7 21.Rad1 
Nf6 22.Rfe1 Rfd8 23.Rxd8+ Rxd8 24.h3 Bd5 25.Nc3 Bxf3 26.gxf3 b4 27.Ne4 Nd5
28.Bb3 Nf4 29.Kh2 Kf7 30.Kg3 g5 31.Bc4 a5 32.h4 Nd3 33.Bxd3 gxh4+ 34.Kg4 
Rxd3 35.b3 a4 36.bxa4 Ra3 37.Re2 Rxa4 38.f4 Ra3 39.f5 h5+ 40.Kxh5 exf5 41.
Ng5+ Bxg5 42.Kxg5 h3 43.f3 Rxf3 44.Rb2 Ke6 45.Kh4 Ra3 46.Rxb4 Ra4 0-1

[Event "27th Bosna it"]
[Site "Sarajevo YUG"]
[Date "1988.04.02"]
[Round "11"]
[White "Dizdarevic, Emir"]
[Black "Romanishin, Oleg"]
[Result "0-1"]
[WhiteElo "2485"]
[BlackElo "2570"]
[EventDate "1988.03.21"]
[PlyCount "60"]
[Source "Perpetual Check"]

1.Nf3 Nf6 2.c4 e6 3.g3 a6 4.b3 d5 5.Bg2 d4 6.O-O c5 7.e3 Nc6 8.exd4 cxd4 
9.Re1 Be7 10.d3 O-O 11.Ba3 Bxa3 12.Nxa3 Re8 13.Nc2 e5 14.Qd2 h6 15.Nb4 
Nxb4 16.Qxb4 Qc7 17.Nd2 Rb8 18.c5 Bf5 19.Ne4 Nd5 20.Qc4 Bxe4 21.Bxe4 Nc3 
22.a4 b5 23.axb5 axb5 24.Qb4 Rbc8 25.f4 exf4 26.Bf5 Rcd8 27.Kg2 fxg3 28.
Bg4 Qf4 29.Rxe8+ Rxe8 30.Bf3 Qd2+ 0-1

[Event "27th Bosna it"]
[Site "Sarajevo YUG"]
[Date "1988.04.02"]
[Round "11"]
[White "Arapovic, Vitomir"]
[Black "Mestrovic, Zvonimir"]
[Result "1/2-1/2"]
[WhiteElo "2395"]
[BlackElo "2430"]
[EventDate "1988.03.21"]
[PlyCount "20"]
[Source "Perpetual Check"]

1.e4 Nc6 2.Nf3 d6 3.Bb5 a6 4.Bxc6+ bxc6 5.O-O Nf6 6.e5 Nd7 7.d4 e6 8.Bg5 
Be7 9.Bxe7 Qxe7 10.Nbd2 O-O 1/2-1/2

[Event "27th Bosna it"]
[Site "Sarajevo YUG"]
[Date "1988.04.03"]
[Round "12"]
[White "Dizdar, Goran"]
[Black "Mestrovic, Zvonimir"]
[Result "0-1"]
[WhiteElo "2490"]
[BlackElo "2430"]
[EventDate "1988.03.21"]
[PlyCount "136"]
[Source "Perpetual Check"]

1.d4 Nc6 2.Nf3 d6 3.e4 Nf6 4.Nc3 Bg4 5.d5 Ne5 6.Bb5+ Ned7 7.h3 Bxf3 8.Qxf3
g6 9.Bg5 Bg7 10.O-O O-O 11.Qe3 a6 12.Be2 c5 13.a4 Re8 14.f4 Nxd5 15.Qd2 
Nxc3 16.bxc3 Qa5 17.e5 Rad8 18.Qe3 dxe5 19.f5 Nf6 20.fxg6 hxg6 21.Bc4 e4 
22.Qg3 Rf8 23.Qe5 Nd5 24.Qxe4 Qxc3 25.Kh1 Qe5 26.Qxe5 Bxe5 27.Rab1 f6 28.
Be3 e6 29.Bxc5 Rf7 30.Bb3 Rc7 31.Bf2 Kg7 32.Rbd1 Rcd7 33.Rd3 Nf4 34.Rxd7+ 
Rxd7 35.Bg3 Rd4 36.Bxf4 Bxf4 37.Bxe6 Rxa4 38.Rd1 Bg3 39.Bb3 Re4 40.Kg1 a5 
41.Bd5 Re7 42.Rb1 b5 43.c3 a4 44.Kf1 Re5 45.Bf3 Re3 46.Be2 a3 47.Ra1 Rxc3 
48.Bxb5 Be5 49.Be2 Re3 50.Ra2 Bb2 51.Ke1 f5 52.Kd2 f4 53.h4 Kh6 54.Ke1 Kg7
55.Kf2 Kf6 56.Bf3 Kf5 57.Bd1 Rc3 58.Bf3 Rc2+ 59.Kf1 Ke5 60.h5 g5 61.Bg4 
Kf6 62.Be2 Kg7 63.Bg4 Kh6 64.Bf3 Rc1+ 65.Kf2 Rc3 66.g4 fxg3+ 67.Kxg3 Rxf3+
68.Kxf3 Kxh5 0-1